| 000 | 00502nam a2200169 i 4500 | ||
|---|---|---|---|
| 001 | 70270 | ||
| 003 | ES-MaACL | ||
| 005 | 20230906170754.0 | ||
| 007 | t| | ||
| 008 | 040721s1960 sp a |||| | spa d | ||
| 100 | 1 |
_aGarcía Regueiro, Irma. _955168 |
|
| 245 | 1 | 0 |
_aModernas orientaciones en la lucha contra la rabia / _cIrma García Regueiro. |
| 260 |
_aMadrid : _b[s.n., _c1960] ( _fGráf. González) |
||
| 300 |
_a101 p. : _bil. ; _c19 cm. |
||
| 650 | 4 |
_aRabia. _9136800 |
|
| 852 |
_aES-MaACL _jC-19241 |
||
| 999 |
_c70270 _d70270 |
||